00568nam a2200157 a 450000100100000000500170001000800410002704000250006808200150009324500980010826000300020630000210023653400850025774000420034270000260038400002318320200930022037.0101130s1973 mx r 000 0 spa d aDO-SdBNPbspacBNPHU aNNNNbP93303aEl presente y el futuro de las empresas norteamericanas /cEditado por Doctor Louis T. Rader. aMéxico :bRoble,c1973. a372 p. ;c22 cm. pTítulo de la obra original en inglés:tAmerican Business today and tomorrow.1 aAmerican Business today and tomorrow.1 aRader, Louis T.,eed.